ARRUPE JESUIT UNIVERSITY

CORONAVIRUS -STOP THE SPREAD - CLEAN,DISINFECT,COVER

The essential mystics : (Record no. 118195)

MARC details
000 -LEADER
fixed length control field 01163cam a2200301 a 4500
001 - CONTROL NUMBER
control field 2579253
003 - CONTROL NUMBER IDENTIFIER
control field ARRUPE
005 - DATE AND TIME OF LATEST TRANSACTION
control field 20131001144642.0
008 - FIXED-LENGTH DATA ELEMENTS--GENERAL INFORMATION
fixed length control field 960416s1996 cau b 000 0 eng
010 ## - LIBRARY OF CONGRESS CONTROL NUMBER
LC control number 96020111
020 ## - INTERNATIONAL STANDARD BOOK NUMBER
International Standard Book Number 0062509047
020 ## - INTERNATIONAL STANDARD BOOK NUMBER
International Standard Book Number 0062513796 (pbk.)
040 ## - CATALOGING SOURCE
Original cataloging agency DLC
Transcribing agency DLC
Modifying agency DLC
050 00 - LIBRARY OF CONGRESS CALL NUMBER
Classification number BL625
Item number .E77 1996
082 00 - DEWEY DECIMAL CLASSIFICATION NUMBER
Classification number 291.4/22
Edition number 20
300 ## - PHYSICAL DESCRIPTION
Dimensions 22 cm.
245 04 - TITLE STATEMENT
Title The essential mystics :
Remainder of title the soul's journey into truth /
Statement of responsibility, etc edited and with an introduction by Andrew Harvey.
250 ## - EDITION STATEMENT
Edition statement 1st ed.
260 ## - PUBLICATION, DISTRIBUTION, ETC. (IMPRINT)
Place of publication, distribution, etc [San Francisco] :
Name of publisher, distributor, etc HarperSanFrancisco,
Date of publication, distribution, etc c1996.
300 ## - PHYSICAL DESCRIPTION
Extent xv, 236 p. ;
500 ## - GENERAL NOTE
General note "A Tree clause book"--T.p. verso.
504 ## - BIBLIOGRAPHY, ETC. NOTE
Bibliography, etc Includes bibliographical references (p. 217-234).
650 #0 - SUBJECT ADDED ENTRY--TOPICAL TERM
Topical term or geographic name as entry element Mysticism
General subdivision Comparative studies.
9 (RLIN) 1893
700 1# - ADDED ENTRY--PERSONAL NAME
Personal name Harvey, Andrew,
Dates associated with a name 1952-
9 (RLIN) 1894
856 42 - ELECTRONIC LOCATION AND ACCESS
Materials specified Publisher description
Uniform Resource Identifier <a href="http://www.loc.gov/catdir/description/hc043/96020111.html">http://www.loc.gov/catdir/description/hc043/96020111.html</a>
906 ## - LOCAL DATA ELEMENT F, LDF (RLIN)
a 7
b cbc
c orignew
d 1
e ocip
f 19
g y-gencatlg
942 ## - ADDED ENTRY ELEMENTS (KOHA)
Source of classification or shelving scheme Library of Congress Classification
Koha item type Monograph ( Printed materials)
Holdings
Withdrawn status Lost status Source of classification or shelving scheme Damaged status Not for loan Home library Current library Date acquired Total Checkouts Full call number Barcode Date last seen Date checked out Price effective from Koha item type
    Library of Congress Classification     ARRUPE LIBRARY ARRUPE LIBRARY 01/10/2013 1 BL625 .E77 1996 46411320 07/08/2017 17/10/2016 01/10/2013 Monograph ( Printed materials)

 

Arrupe Library. PO Box MP320 Mt Pleasant, Harare, Zimbabwe
263 242 745411|librarian@aju.ac.zw